LEADER 00589naa a2200145 i 4500 001 000000301718 003 CaOOAMICUS 005 20180831172727.0 008 180831n xx u000 u und u 013 $a9452 040 $aSeMil$bita 100 1 $aBarbieri Masini, Eleonora.$0(OLS)http://semarc/name/16705 245 13$aLa domanda sul futuro :$buna panoramica sociologica. 773 0 $aBarbieri Masini, Eleonora$tQuestione etica.$dRoma : Cittą Nuova, 1990.$kContributi di teologia$z88-311-3242-3$w()35685 996 $6245$aLa domanda sul futuro :$buna panoramica sociologica$9(OLS)http://semarc/title/377710 LEADER 00867nam a2200193 i 4500 001 000000104616 003 CaOOAMICUS 005 20011203000000.0 008 011203s1969 it u000 u lat u 013 $a76805 040 $aSeMil$bita 245 10$aCarismi e stati di perfezione :$b(II-II, qq. 171-189) /$c[traduzione, introduzione e note del p. Tito S. Centi) 300 $a543 p. 700 1 $aCenti, Tito Sante,$c.$0(OLS)http://semarc/name/481 700 0 $aTommaso : d'Aquino,$c.$0(OLS)http://semarc/name/423 773 0 $aTommaso : d'Aquino $tSomma teologica.$dFirenze : Salani, 1949-1975.$g22$w()1216 850 $aSeMil 852 $aSeMil$W1$xVenegono$y1$mSL1.V IV 22$j60925$B60925$CSeMilBibl$Z2$F45346 $8I 996 $6245$aCarismi e stati di perfezione :$b(II-II, qq. 171-189)$9(OLS)http://semarc/title/151580